000 00908nam a2200301 i 4500
001 C2-0072361
003 PPAK
005 20210609235454.0
008 970429t19921992my o|||e ||||| | may d
020 _a9836230513
_qpaperback
040 _aPPAK
_beng
_cPPAK
_erda
082 0 4 _a746.4403
_223
090 0 0 _a746.4403
_bGLO
_dG
090 2 0 _a746.4403
_bGLO
_dK
090 2 0 _a746.4403
_bGLO
_dKIH
090 2 0 _a746.4403
_bGLO
_dR
090 2 0 _a746.4403
_bGLO
_dKAO
245 0 0 _aGLOSARI BUDAYA MALAYSIA :
_bSENI TEKAT dan SULAM
264 1 _aKuala Lumpur :
_bDewan Bahasa dan Pustaka ,
_c1992
264 4 _c©1992
300 _a2 volumes (xiv, 28 pages ; 165 pages) :
_bcolour photographs ;
_c22 cm
336 _2rdacontent
_atext
337 _2rdamedia
_aunmediated
338 _2rdacarrier
_avolume
650 1 0 _aEmbroidery
_vDictionaries
_xMalay
650 2 0 _aEmbroidery
_vTerminology
942 _cB
_2ddc
999 _c9378
_d9378